Hidraúlica (Record no. 135801)

MARC details
000 -LEADER
campo de control de longitud fija 00735nam a2200217 i 4500
001 - NÚMERO DE CONTROL
campo de control 135801
003 - IDENTIFICADOR DE NÚMERO DE CONTROL
campo de control ES-MaACL
005 - FECHA Y HORA DE LA ÚLTIMA TRANSACCIÓN
campo de control 20250729050628.0
007 - CAMPO FIJO DE DESCRIPCIÓN FÍSICA--INFORMACIÓN GENERAL
campo de control de longitud fija t|
008 - DATOS DE LONGITUD FIJA--INFORMACIÓN GENERAL
campo de control de longitud fija 070214s1960 sp r ||||1| spa d
100 1# - ENTRADA PRINCIPAL--NOMBRE DE PERSONA
Nombre de persona Rouse, Hunter.
9 (RLIN) 100046
245 10 - MENCIÓN DEL TÍTULO
Título Hidraúlica
Resto del título : mecánica elemental de fluídos /
Mención de responsabilidad, etc. Hunter Rouse ; versión de Alfredo Semelas Arroyo ; prólogo de Enrique Becerril.
260 ## - PUBLICACIÓN, DISTRIBUCIÓN, ETC.
Lugar de publicación, distribución, etc. Madrid :
Nombre del editor, distribuidor, etc. Dossat,
Fecha de publicación, distribución, etc. 1960.
300 ## - DESCRIPCIÓN FÍSICA
Extensión XVI, 337 p., 1 lám. :
Otras características físicas il. ;
Dimensiones 26 cm.
650 04 - PUNTO DE ACCESO ADICIONAL DE MATERIA--TÉRMINO DE MATERIA
Término de materia o nombre geográfico como elemento de entrada Hidraúlica.
9 (RLIN) 13334
650 07 - PUNTO DE ACCESO ADICIONAL DE MATERIA--TÉRMINO DE MATERIA
Término de materia o nombre geográfico como elemento de entrada Mecánica de fluidos
Fuente del encabezamiento o término embne
9 (RLIN) 14877
700 1# - ENTRADA AGREGADA--NOMBRE PERSONAL
Nombre de persona Semelas Arroyo, Alfredo.
9 (RLIN) 105374
700 1# - ENTRADA AGREGADA--NOMBRE PERSONAL
Nombre de persona Becerril, Enrique.
9 (RLIN) 26887
852 ## - LOCALIZACIÓN
Ubicación ES-MaACL
Número de control de estantería C-19134
Sublocalización o colección R.46797
Holdings
Estatus retirado Estado de pérdida Estado de daño No para préstamo Biblioteca de origen Biblioteca actual Ubicación en estantería Fecha de adquisición Fuente de adquisición Total de préstamos Signatura topográfica completa Código de barras Visto por última vez Precio de reemplazo Tipo de ítem Koha
        Biblioteca del Ateneo de Madrid Biblioteca del Ateneo de Madrid Galería 17/01/2008     C-19134 1141339 23/02/2023 23/02/2023 Libro impreso